| 000 | 02777nam a2200289 a 4500 | ||
|---|---|---|---|
| 001 | 000024228 | ||
| 003 | OSt | ||
| 005 | 20260321073641.0 | ||
| 008 | 110125s1983 dr ac 001 0 spa d | ||
| 040 |
_aDO-SdBNP _bspa _cBNPHU |
||
| 082 |
_a972.93054 _bV297v |
||
| 100 | 1 |
_aVargas, José Rafael, _d1956- _923148 |
|
| 245 | 1 | 0 |
_a¿Valió la pena el golpe de estado contra Bosch? / _cJosé Rafael Vargas ; presentación Silvio Herasme Peña. |
| 260 |
_aSanto Domingo : _bEducativa Dominicana, _c1983. |
||
| 300 |
_a317 p. : _bil., retr. ; _c23 cm. |
||
| 490 | 1 |
_aEnsayos _vv. 15 |
|
| 504 | _aBibliografía : p. 315-317 | ||
| 505 | 0 |
_gPresentación / _rSilvio Herasme Peña -- _tIntroducción / _rJ. Alfonso Lockward -- _tConsideran la asonada militar de 1963 envileció proceso democrático recien iniciado en el país -- _tVen conspiración contra el profesor Bosch se inició durante la campaña electoral de 1962 -- _tLos conspiradores venían planificando el golpe con mucha anticipación -- _tCoronel Fernández preparaba contragolpe para defender la constitucionalidad -- _tFernández Domínguez relata preparativos golpe militar derrocó a Bosch -- _tLa persecución contra los militares represivos trujillistas aceleró el derrocamiento de Bosch -- _tConflicto domínico-haitiano en la frontera crea alarma y confusión; militares estuvieron alertas -- _tMítines de reafirmación cristiana y campaña anticomunista surten efecto y militares derrocan al gobierno de Bosch -- _tGolpistas incomunicaron al profesor Juan Bosch; partidos y grupos populares condenaron asonada -- _tTriunvirato se juramenta 36 horas después del cuartelazo; el presidente De los Santos promete impulsar la economía -- _tDetiene funcionarios y decenas de personas; Ciclón Edith se agrega a las amenazas contra RD -- _tFidel Castro comentó derrocamiento de Bosch, diciendo que se negó a ser instrumento de E.U. -- _tJiménes Grullón declaró horas después: "Golpe de estado fue doloroso, pero inevitable" -- _tEmbajador confiesa EUA siguieron a Bosch buscando pruebas era comunista; había división PRD-Gobierno -- _tBosch revela norteamericanos no querían derrocarlo sino convertirlo en muñeco manejado desde Embajada -- _tHechos registrados durante gestión de Juan Bosch -- _tBosch exhorta al pueblo a defender su derecho y resalta la dignidad de la lucha democrática -- _gBibliografía. |
|
| 590 | _aInventariado, 2019/MFF | ||
| 600 | 1 | 0 |
_a Bosch, Juan, _d1909-2001 _976555 |
| 651 | 4 |
_aRepública Dominicana _xPolítica y Gobierno _yGolpe de Estado,1963 _949756 |
|
| 651 | 4 |
_aRepública Dominicana _xHistoria _yGolpe de Estado,1963 _934712 |
|
| 700 | 1 |
_aHerasme Peña, Silvio, _epresent. _949757 |
|
| 830 | 0 |
_aEnsayos _vv. 15 _911110 |
|
| 910 | _aValidado. Control de calidad EMS. | ||
| 942 |
_2ddc _cLBS1 |
||
| 999 |
_c23722 _d23722 |
||